[Event "EUR-chT Seniors 50"]
[Site "Mali Losinj"]
[Date "2019.09.23"]
[Round "6.4"]
[White "Jenssen, Ove S"]
[Black "Denning, Julie L"]
[Result "1-0"]
[WhiteElo "1827"]
[BlackElo "1629"]
[PlyCount "129"]
[EventDate "2019.09.18"]
[EventType "team-swiss"]
[EventRounds "9"]
[EventCountry "CRO"]
[SourceTitle "EXT 2020"]
[Source "ChessBase"]
[SourceDate "2019.10.17"]
[SourceVersion "1"]
[SourceVersionDate "2019.10.17"]
[SourceQuality "1"]
[WhiteTeam "Agder 50"]
[BlackTeam "England 50 II"]
[WhiteTeamCountry "NOR"]
[BlackTeamCountry "ENG"]

1. e4 c5 2. Nc3 a6 3. a4 d6 4. f4 g6 5. Nf3 Nf6 6. Bc4 e6 7. 0-0 Nbd7 8. d3 Nb6 9. Bb3 Be7 10. a5 Nbd7 11. Qe1 Rb8 12. Ng5 h6 13. Nf3 b6 14. axb6 Nxb6 15. Bd2 Qc7 16. e5 Nfd7 17. exd6 Bxd6 18. Bxe6 0-0 19. Bb3 c4 20. dxc4 Nxc4 21. Qe4 Ndb6 22. Be3 Bf5 23. Qd4 Nxe3 24. Qxe3 Bc5 25. Nd4 Rbd8 26. Nce2 Bg4 27. Qg3 Bh5 28. c3 Kh7 29. Kh1 Bxe2 30. Nxe2 Rd2 31. Nd4 Bxd4 32. cxd4 Rxb2 33. Rxa6 Qb7 34. Raa1 Re8 35. Rf2 Rxf2 36. Qxf2 Re7 37. f5 g5 38. h4 f6 39. hxg5 hxg5 40. Be6 Kh8 41. Rb1 Rh7+ 42. Kg1 Qc7 43. g3 Rh3 44. Kg2 g4 45. d5 Qc4 46. Re1 Nd7 47. Qe2 Qxe2+ 48. Rxe2 Ne5 49. Rxe5 fxe5 50. d6 Kg7 51. d7 Rh8 52. Kf2 Rd8 53. Ke3 Kf6 54. Ke4 Ra8 55. Kd5 Ra5+ 56. Kd6 Ra8 57. Kc7 e4 58. d8Q+ Rxd8 59. Kxd8 e3 60. Bc4 Kxf5 61. Be2 Kg5 62. Ke7 Kf5 63. Kd6 Kg5 64. Ke5 Kg6 65. Kf4 1-0

[Event "EU-chT Seniors 50"]
[Site "Chalkidiki"]
[Date "2016.04.20"]
[Round "2.4"]
[White "Gruenfeld, Yehuda"]
[Black "Jenssen, Ove S"]
[Result "1-0"]
[WhiteElo "2442"]
[BlackElo "1854"]
[PlyCount "95"]
[EventDate "2016.04.19"]
[EventType "team-tourn"]
[EventRounds "7"]
[EventCountry "GRE"]
[SourceTitle "CBM 172 Extra"]
[Source "ChessBase"]
[SourceDate "2016.06.21"]
[SourceVersion "1"]
[SourceVersionDate "2016.06.21"]
[SourceQuality "1"]
[WhiteTeam "Israel"]
[BlackTeam "Norway"]
[WhiteTeamCountry "ISR"]
[BlackTeamCountry "NOR"]

1. e4 e6 2. d4 d5 3. Nc3 Bb4 4. e5 c5 5. a3 Bxc3+ 6. bxc3 Qa5 7. Bd2 c4 8. a4 Ne7 9. h4 Bd7 10. Qb1 b5 11. axb5 Qxb5 12. Qa2 a5 13. h5 a4 14. h6 g6 15. Rb1 Qa6 16. Qa3 Nbc6 17. Bg5 Qc8 18. Bf6 Rg8 19. Nf3 Rb8 20. Ra1 g5 21. Nxg5 Rxg5 22. Bxg5 Qb7 23. Be2 Qb2 24. Qxb2 Rxb2 25. Kd2 Na5 26. Rhb1 Rb7 27. Rxb7 Nxb7 28. Rb1 Bc6 29. Rb6 Nd8 30. Ra6 Kd7 31. Bh5 Ke8 32. Kc1 Bd7 33. Ra7 Nc8 34. Ra8 Nc6 35. f4 N6a7 36. Kb2 Nb5 37. Rxa4 Nxd4 38. Ra8 Nf5 39. Rb8 Ne3 40. Bf3 Nf5 41. g4 Nfe7 42. Bxe7 Kxe7 43. g5 Kd8 44. f5 Be8 45. Bh5 exf5 46. e6 Kc7 47. Rxc8+ Kxc8 48. exf7 1-0

[Event "Olomouc op 16th"]
[Site "Olomouc"]
[Date "2013.08.01"]
[Round "1"]
[White "Ageichenko, Genadi A"]
[Black "Jenssen, Ove S"]
[Result "1-0"]
[WhiteElo "2302"]
[BlackElo "1909"]
[PlyCount "89"]
[EventDate "2013.08.01"]
[EventType "swiss"]
[EventRounds "9"]
[EventCountry "CZE"]
[SourceTitle "CBM 155 Extra"]
[Source "ChessBase"]
[SourceDate "2013.08.26"]
[SourceVersion "1"]
[SourceVersionDate "2013.08.26"]
[SourceQuality "1"]

1. e4 e6 2. d4 d5 3. Nc3 Bb4 4. e5 c5 5. a3 Bxc3+ 6. bxc3 Ne7 7. Nf3 Nbc6 8. a4 0-0 9. Bd3 Nf5 10. Ba3 b6 11. 0-0 f6 12. Re1 fxe5 13. Nxe5 Nxe5 14. Rxe5 Qf6 15. Qe2 Ne7 16. dxc5 Bd7 17. Re1 Rfe8 18. Bb5 Nc6 19. Re3 Rac8 20. cxb6 axb6 21. Rf3 Qd8 22. Qd3 Qc7 23. Rh3 g6 24. Rhe3 Na5 25. Bb4 Nc4 26. Rg3 Kg7 27. Qd4+ Kg8 28. h4 Bxb5 29. axb5 Qd7 30. h5 e5 31. Qd3 e4 32. Qd4 Qf5 33. hxg6 hxg6 34. Ra1 Ra8 35. Ra6 Kf7 36. Rh3 Qe5 37. Qxe5 Nxe5 38. Rxb6 Re6 39. Rh7+ Kf6 40. Rxe6+ Kxe6 41. b6 Nf7 42. Rxf7 Kxf7 43. Bd6 Ra1+ 44. Kh2 Rb1 45. Bb4 1-0

[Event "Olomouc op"]
[Site "Olomouc"]
[Date "2011.08.04"]
[Round "1"]
[White "Jenssen, Ove S"]
[Black "Ageichenko, Genadi A"]
[Result "0-1"]
[WhiteElo "1892"]
[BlackElo "2356"]
[PlyCount "102"]
[EventDate "2011.08.04"]
[EventType "swiss"]
[EventRounds "9"]
[EventCountry "CZE"]
[SourceTitle "CBM 143 Extra"]
[Source "ChessBase"]
[SourceDate "2011.08.29"]
[SourceVersion "1"]
[SourceVersionDate "2011.08.29"]
[SourceQuality "1"]

1. e4 c5 2. c3 d5 3. exd5 Qxd5 4. d4 Nf6 5. Nf3 Nc6 6. Na3 Bg4 7. Be2 e6 8. 0-0 cxd4 9. Nb5 Rc8 10. Nbxd4 Nxd4 11. Nxd4 Bxe2 12. Qxe2 Be7 13. Rd1 a6 14. Bf4 0-0 15. Be5 Qc4 16. Qxc4 Rxc4 17. Bxf6 Bxf6 18. Nb3 Rfc8 19. Nd2 R4c7 20. Ne4 Be7 21. Rd3 f5 22. Ng3 Rd8 23. Rxd8+ Bxd8 24. Rd1 Be7 25. Ne2 Kf7 26. Kf1 g5 27. h3 h5 28. Rd3 h4 29. f3 e5 30. Ke1 Ke6 31. Kd2 Rc8 32. Kc2 b5 33. b3 Rg8 34. Re3 Bc5 35. Rd3 Bf2 36. Rd2 Bb6 37. Rd3 Rc8 38. Kd2 Rg8 39. Kc2 Bf2 40. Rd2 Be3 41. Rd3 Bc5 42. Kd2 g4 43. fxg4 fxg4 44. Ke1 e4 45. Nd4+ Bxd4 46. Rxd4 gxh3 47. gxh3 Ke5 48. Rd7 Rg3 49. c4 bxc4 50. bxc4 Rxh3 51. Kd2 Rd3+ 0-1

[Event "Ostfold-ch"]
[Site "Moss"]
[Date "2003.03.02"]
[Round "5"]
[White "Jenssen, Ove S"]
[Black "Fjellengen, Bard"]
[Result "0-1"]
[WhiteElo "1633"]
[BlackElo "1657"]
[PlyCount "114"]
[EventDate "2003.03.01"]
[EventType "swiss"]
[EventRounds "6"]
[EventCountry "NOR"]
[SourceTitle "EXT 2008"]
[Source "ChessBase"]
[SourceDate "2007.11.25"]
[SourceVersion "1"]
[SourceVersionDate "2007.11.25"]
[SourceQuality "1"]

1. e4 e6 2. d4 d5 3. Nd2 c5 4. exd5 Qxd5 5. Ngf3 cxd4 6. Bc4 Qc5 7. Qe2 Nc6 8. Nb3 Qb6 9. Bb5 Bb4+ 10. Bd2 Bxd2+ 11. Nbxd2 Nf6 12. Nb3 0-0 13. Bxc6 Qxc6 14. Nbxd4 Qe4 15. Qxe4 Nxe4 16. 0-0 b6 17. Rad1 Ba6 18. Rfe1 Nf6 19. Nc6 Kh8 20. b3 Bb7 21. Nfe5 Bxc6 22. Nxc6 Rfc8 23. Nd4 h6 24. c4 a6 25. a4 Rc7 26. Nf3 Nd7 27. Rd6 Rb8 28. Red1 Rbb7 29. b4 Kg8 30. Kf1 Kf8 31. Rc1 Ke7 32. Rd2 Rb8 33. Rdc2 Rbc8 34. Ke2 g5 35. Ke3 g4 36. Nd2 f5 37. Nb3 Nf6 38. Ke2 Nd5 39. b5 axb5 40. axb5 Nb4 41. Rd2 Rxc4 42. Rcd1 Nd5 43. Ke1 Nc3 44. Rd7+ Kf6 45. R1d6 Rb4 46. Nd4 Rb1+ 47. Kd2 Ne4+ 48. Ke3 Nxd6 49. Rxd6 Re1+ 50. Kf4 Re4+ 51. Kg3 Ke5 52. Rxe6+ Kxd4 53. Rxb6 Rh8 54. Rf6 Ke5 55. Rc6 Rd4 56. b6 h5 57. Rc3 h4# 0-1